Every PAOK Footballer that Scored in the 2010s Decade - Statistics

General Stats
  • This quiz has been taken 122 times
  • The average score is 45 of 95
Answer Stats
Pos Nationality # Ttl Apps Ttl Gls Name % Correct
ST Serbia 9 86 55 Aleksandar Prijovic
98%
CAM Greece 77 201 44 Dimitris Pelkas
95%
ST England 47 102 26 Chuba Akpom
92%
RB Brazil 3 168 26 Léo Matos
92%
ST Greece 33 295 107 Stefanos Athanasiadis
90%
LW Portugal 20 259 48 Adelino Vieirinha
89%
CB Cape Verde 5 208 9 Fernando Varela
89%
CAM Netherlands 21 193 27 Diego Biseswar
88%
ST Poland 9 131 34 Karol Swiderski
87%
LW Slovakia 11 117 33 Robert Mak
86%
RW Greece 9 358 113 Dimitris Salpingidis
82%
CB Spain 15 194 7 José Crespo
81%
CDM Uruguay 5 153 6 Pablo García
81%
CAM Morocco 7 136 9 Omar El Kaddouri
80%
ST Bosnia 11 89 20 Zlatan Muslimović
77%
LB Brazil 16 220 16 Lino
75%
LW Slovakia 11 61 10 Miroslav Stoch
74%
LW Cape Verde 24 58 13 Garry Rodrigues
71%
CM Ukraine 28 117 21 Yevgen Shakhov
69%
CDM Albania 26 158 7 Ergys Kaçe
67%
ST Bulgaria 10 25 5 Dimitar Berbatov
65%
RW Greece 18 112 10 Dimitris Limnios
65%
RW Brazil 98 50 7 Léo Jabá
65%
CM Spain 87 91 4 José Cañas
61%
CM Croatia 27 42 7 Josip Misic
61%
RW Angola 10 76 12 Djalma
60%
ST Greece 99 34 5 Apostolos Giannou
58%
ST Greece 20 83 14 Efthymis Koulouris
58%
CB Chile 15 111 6 Pablo Contreras
58%
CDM Bosnia 16 98 2 Gojko Cimirot
57%
CB Greece 13 241 5 Stelios Malezas
57%
LW Egypt 74 63 6 Amr Warda
55%
CDM Romania 25 120 9 Costin Lazăr
55%
CAM Serbia 21 133 24 Vladimir Ivić
55%
CM Portugal 26 15 3 Sérgio Oliveira
54%
RB Greece 70 153 5 Stelios Kitsiou
54%
CAM Argentina 10 58 18 Facundo Pereyra
52%
CB Greece 31 116 6 Giorgos Tzavellas
52%
LB Romania 5 41 3 Razvan Rat
52%
LB Croatia 4 93 4 Marin Leovac
50%
CDM Brazil 8 92 9 Maurício
49%
LW Brazil 90 35 9 Pedro Henrique
48%
CAM Serbia 9 45 17 Zvonimir Vukic
48%
CDM Netherlands 8 33 4 Hedwiges Maduro
46%
CM Greece 28 70 8 Kostas Katsouranis
46%
CB Portugal 15 116 9 Miguel Vítor
46%
CM Sweden 19 16 1 Pontus Wernbloom
46%
CDM Greece 6 111 4 Alexandros Tziolis
44%
CM Israel 66 20 3 Bibras Natcho
44%
CB Italy 8 103 4 Bruno Cirillo
44%
LW Greece 7 73 6 Giorgos Georgiadis
44%
CM Greece 18 142 12 Georgios Fotakis
43%
ST Spain 9 52 12 Lucas Pérez
43%
CM France 10 58 3 Olivier Sorlin
42%
CM Ecuador 16 17 2 Christian Noboa
40%
CAM Belgium 40 24 3 Maarten Martens
40%
ST Greece 9 32 8 Dimitris Papadopoulos
39%
RW Greece 27 64 11 Giannis Mystakidis
39%
ST Greece 11 10 3 Nikos Karelis
39%
LB Greece 3 44 2 Kostas Stafylidis
38%
CAM Ireland 20 44 4 Liam Lawrence
38%
RB Greece 2 93 2 Giannis Skondras
37%
CB Portugal 20 37 1 Ricardo Costa
37%
CDM Spain 6 68 3 Vitolo
37%
RB Greece 22 53 1 Dimitris Konstantinidis
32%
CM Slovakia 52 24 3 Erik Sabo
32%
ST Argentina 31 36 1 Lucio Filomeno
32%
LW Greece 96 18 1 Stelios Pozoglou
32%
LW Guinea 90 16 2 Abdoul Camara
31%
RW Morocco 7 35 2 Nabil El Zhar
31%
CDM Greece 32 31 1 Theofanis Tzandaris
31%
LW Greece 19 48 3 Vassilis Koutsianikoulis
30%
CB Greece 90 58 5 Giorgos Katsikas
29%
ST Greece 14 56 9 Thanasis Papazoglou
29%
ST Czech Republic 61 19 3 Tomas Necid
29%
RW Brazil 9 22 2 Jairo
27%
LB Italy 36 30 1 Mirko Savini
27%
RW Liberia 99 38 6 Sekou Oliseh
27%
LW France 11 46 3 Bertrand Robert
25%
CDM Colombia 85 25 1 Diego Arias
25%
ST France 88 14 1 Frédéric Nimani
24%
CDM Greece 4 131 8 Sotiris Balafas
24%
CM Greece 21 42 2 Charis Charisis
23%
ST Netherlands 20 11 1 Danny Hoesen
23%
LB Greece 34 22 2 Nikos Korovesis
20%
ST Brazil 9 16 1 Edinho
18%
LW Greece 77 23 1 Sotiris Ninis
18%
RB Greece 43 12 1 Panagiotis Deligiannidis
17%
CM Brazil 10 7 1 Juliano Spadacio
14%
RB Greece 2 79 4 Nikos Arabatzis
12%
CB Greece 5 10 1 Dimitris Chatziisaias
11%
CB Croatia 13 19 1 Gordon Schildenfeld
11%
CM Greece 50 6 1 Kostas Panagiotoudis
11%
CM Greece 28 29 1 Stavros Tsoukalas
10%
CAM Greece 80 2 1 Tasos Dimitriadis
4%
No matching quizzes found
Score Distribution
Percent of People with Each Score
Percentile by Number Answered
Your Score History
You have not taken this quiz